[Event "La Fere op 4th"]
[Site "La Fere"]
[Date "2005.07.06"]
[Round "7"]
[White "Bertin, Jean Loup"]
[Black "Paci, Cedric"]
[Result "0-1"]
[WhiteElo "2020"]
[BlackElo "2238"]
[PlyCount "56"]
[EventDate "2005.07.02"]
[EventType "swiss"]
[EventRounds "9"]
[EventCountry "FRA"]
[SourceTitle "CBM 107 Extra"]
[Source "ChessBase"]
[SourceDate "2005.09.01"]
[SourceVersion "1"]
[SourceVersionDate "2005.09.01"]
[SourceQuality "1"]

1. d4 e6 2. c4 b6 3. Nc3 Bb7 4. e4 Bb4 5. Bd3 f5 6. Qe2 Nf6 7. f3 Nc6 8. Be3 fxe4 9. fxe4 e5 10. Nf3 exd4 11. Nxd4 Ne5 12. 0-0 Bxc3 13. bxc3 Nxd3 14. Qxd3 Bxe4 15. Qe2 0-0 16. Bg5 Bg6 17. Rae1 Qe8 18. Qd1 Ne4 19. Rf3 Bh5 20. Bh4 Bxf3 21. Nxf3 c6 22. Ng5 Nxc3 23. Qd3 Qh5 24. Qxd7 Qxh4 25. Qe6+ Kh8 26. Nf7+ Rxf7 27. g3 Qd4+ 28. Kh1 Rff8 0-1

[Event "FRA-chT2 0405"]
[Site "France"]
[Date "2005.01.09"]
[Round "6.4"]
[White "Bertin, Jean Loup"]
[Black "Karim, Ismael"]
[Result "0-1"]
[WhiteElo "2076"]
[BlackElo "2249"]
[PlyCount "118"]
[EventDate "2004.10.10"]
[EventType "team"]
[EventRounds "11"]
[EventCountry "FRA"]
[SourceTitle "EXT 2006"]
[Source "ChessBase"]
[SourceDate "2005.11.24"]
[SourceVersion "1"]
[SourceVersionDate "2005.11.24"]
[SourceQuality "1"]

1. d4 Nf6 2. c4 g6 3. Nc3 Bg7 4. e4 d6 5. f3 0-0 6. Bg5 c5 7. d5 e6 8. Qd2 h6 9. Be3 exd5 10. cxd5 a6 11. a4 Nh7 12. Bd3 Nd7 13. f4 f5 14. Nf3 Qe7 15. exf5 gxf5 16. 0-0 Ndf6 17. Rae1 Qf7 18. Qc2 Ne8 19. Re2 Nc7 20. Rfe1 Re8 21. Nh4 Nf8 22. Bxf5 Nxd5 23. Nxd5 Qxd5 24. Rd1 Qc6 25. Bxc8 Raxc8 26. Nf5 d5 27. Bc1 Rc7 28. b3 Rf7 29. Rxe8 Qxe8 30. Nd6 Qe7 31. Nxf7 Bd4+ 32. Kh1 Qxf7 33. f5 Qf6 34. Qd3 Kh7 35. Re1 Bc3 36. Re7+ Qxe7 37. f6+ Qe4 38. Qxc3 Ne6 39. Qd2 Kg8 40. Qf2 Kf7 41. Qd2 d4 42. h3 h5 43. Kg1 Kxf6 44. Qh6+ Ke7 45. Bg5+ Kd7 46. Bd2 Qf5 47. Be1 Qb1 48. Kf1 Qd3+ 49. Kf2 Qxb3 50. Qxh5 Qc2+ 51. Kf1 Qxg2+ 52. Kxg2 Nf4+ 53. Kf3 Nxh5 54. Kg4 b5 55. axb5 axb5 56. Kxh5 b4 57. Bd2 b3 58. Bc1 c4 59. Kg5 c3 0-1

[Event "FRA-chT2 0405"]
[Site "France"]
[Date "2004.12.05"]
[Round "4.5"]
[White "Maisuradze, Nino"]
[Black "Bertin, Jean Loup"]
[Result "1-0"]
[WhiteElo "2266"]
[BlackElo "2076"]
[PlyCount "65"]
[EventDate "2004.10.10"]
[EventType "team"]
[EventRounds "11"]
[EventCountry "FRA"]
[SourceTitle "EXT 2006"]
[Source "ChessBase"]
[SourceDate "2005.11.24"]
[SourceVersion "1"]
[SourceVersionDate "2005.11.24"]
[SourceQuality "1"]
[WhiteTeam "Evry II"]
[BlackTeam "Clermont Ferrand"]
[WhiteTeamCountry "FRA"]
[BlackTeamCountry "FRA"]

1. d4 d5 2. c4 c6 3. Nc3 Nf6 4. Nf3 a6 5. e3 b5 6. b3 Bg4 7. Be2 e6 8. 0-0 Nbd7 9. h3 Bh5 10. Ne5 Bxe2 11. Qxe2 Nxe5 12. dxe5 Nd7 13. f4 Bc5 14. Kh2 Qc7 15. Bd2 0-0 16. cxd5 cxd5 17. Rac1 Qb6 18. Rf3 f6 19. exf6 Nxf6 20. Qd3 Rad8 21. Be1 d4 22. exd4 Rxd4 23. Qe2 Ba3 24. Rc2 Qd6 25. g3 Rd8 26. Re3 Kf7 27. Ne4 Nxe4 28. Rxe4 Rd5 29. b4 Rd7 30. Qf3 Rc7 31. Rce2 Rd3 32. Qh5+ Kg8 33. Rxe6 1-0

[Event "FRA-chT3 Gr12 0304"]
[Site "Loire"]
[Date "2004.03.14"]
[Round "7.7"]
[White "Pupier, Terry"]
[Black "Bertin, Jean Loup"]
[Result "0-1"]
[WhiteElo "1790"]
[BlackElo "1960"]
[PlyCount "90"]
[EventDate "2003.10.12"]
[EventType "team"]
[EventRounds "9"]
[EventCountry "FRA"]
[SourceTitle "EXT 2008"]
[Source "ChessBase"]
[SourceDate "2007.11.25"]
[SourceVersion "1"]
[SourceVersionDate "2007.11.25"]
[SourceQuality "1"]

1. e4 e6 2. d4 d5 3. Nc3 Bb4 4. e5 Ne7 5. Nf3 c5 6. a3 Bxc3+ 7. bxc3 Nbc6 8. Bd3 Qa5 9. Bd2 Qa4 10. Be3 cxd4 11. cxd4 b6 12. Qe2 a6 13. 0-0 Nf5 14. Bxf5 exf5 15. c4 Be6 16. Rfd1 0-0 17. Ng5 Ne7 18. Nxe6 fxe6 19. Bg5 Rf7 20. Bxe7 Rxe7 21. cxd5 exd5 22. Qf3 Qd7 23. Rac1 Ree8 24. Qb3 Re6 25. Rc3 Rc6 26. Rdc1 Rac8 27. h3 b5 28. Qb4 Rc4 29. Rxc4 dxc4 30. Qd2 Rd8 31. Rd1 Qd5 32. Qa5 f4 33. f3 h6 34. Qd2 Rf8 35. Kf2 Rc8 36. Qxf4 c3 37. Qf5 Qa2+ 38. Kg3 Rf8 39. Qb1 Qxa3 40. Qa1 Qxa1 41. Rxa1 b4 42. Rc1 Rd8 43. e6 Rxd4 44. e7 Kf7 45. Re1 Ke8 0-1

[Event "FRA-chT3 Gr12 0304"]
[Site "Loire"]
[Date "2004.02.01"]
[Round "6.8"]
[White "Bertin, Jean Loup"]
[Black "Mangone, Pierre"]
[Result "1-0"]
[WhiteElo "1960"]
[BlackElo "2025"]
[PlyCount "63"]
[EventDate "2003.10.12"]
[EventType "team"]
[EventRounds "9"]
[EventCountry "FRA"]
[SourceTitle "EXT 2008"]
[Source "ChessBase"]
[SourceDate "2007.11.25"]
[SourceVersion "1"]
[SourceVersionDate "2007.11.25"]
[SourceQuality "1"]

1. d4 d5 2. c4 c6 3. Nc3 Nf6 4. Nf3 e6 5. Bg5 Be7 6. e3 Nbd7 7. Bd3 dxc4 8. Bxc4 b5 9. Bd3 a6 10. Rc1 c5 11. 0-0 c4 12. Be2 Bb7 13. a4 Qb6 14. axb5 axb5 15. b3 Ba3 16. Rb1 b4 17. bxc4 Qa5 18. Nb5 0-0 19. Qb3 Bc6 20. Nd2 Bxb5 21. cxb5 Nd5 22. Ne4 Rfc8 23. Ra1 Qb6 24. Bh4 N7f6 25. Bxf6 Nxf6 26. Nc5 Ra7 27. Bc4 Nd7 28. Na6 Qd6 29. Nxb4 Rxc4 30. Qxc4 Rc7 31. Nc6 Nb6 32. Qb3 1-0

[Event "Bethune op 24th"]
[Site "Bethune"]
[Date "2003.12.26"]
[Round "1"]
[White "De Barros, Frederic"]
[Black "Bertin, Jean Loup"]
[Result "1-0"]
[WhiteElo "2145"]
[BlackElo "2010"]
[PlyCount "63"]
[EventDate "2003.12.26"]
[EventType "swiss"]
[EventRounds "9"]
[EventCountry "FRA"]
[SourceTitle "CBM 098 Extra"]
[Source "ChessBase"]
[SourceDate "2004.03.10"]
[SourceVersion "2"]
[SourceVersionDate "2004.03.10"]
[SourceQuality "1"]

1. e4 e6 2. d4 d5 3. exd5 exd5 4. c4 Nf6 5. Nc3 Be6 6. Qb3 Nc6 7. Nf3 Rb8 8. Be3 Be7 9. c5 Bxc5 10. dxc5 d4 11. Bc4 Bxc4 12. Qxc4 dxe3 13. Rd1 Qe7 14. 0-0 Ne5 15. Nxe5 Qxe5 16. Rfe1 0-0 17. Rxe3 Qf5 18. Re7 Rbe8 19. Rxc7 Ng4 20. Qd4 Qe6 21. Rf1 Rd8 22. Qe4 Rd2 23. Qxe6 fxe6 24. f3 Ne3 25. Rf2 Rfd8 26. h3 b6 27. c6 a6 28. Rb7 Rxf2 29. Kxf2 Nc4 30. c7 Rc8 31. Rb8 Nd6 32. Ne4 1-0

[Event "Bethune op-A 23th"]
[Site "Bethune"]
[Date "2002.12.27"]
[Round "2"]
[White "Cappon, John"]
[Black "Bertin, Jean Loup"]
[Result "1-0"]
[WhiteElo "2175"]
[BlackElo "2010"]
[PlyCount "123"]
[EventDate "2002.12.26"]
[EventType "swiss"]
[EventRounds "7"]
[EventCountry "FRA"]
[SourceTitle "CBM 091 Extra"]
[Source "ChessBase"]
[SourceDate "2003.01.09"]
[SourceVersion "1"]
[SourceVersionDate "2003.01.09"]
[SourceQuality "1"]

1. e4 c5 2. Nf3 d6 3. d4 cxd4 4. Nxd4 Nf6 5. Nc3 a6 6. Bg5 e6 7. Be2 Be7 8. Qd2 Qc7 9. 0-0 h6 10. Be3 Nbd7 11. f4 b5 12. Bf3 Bb7 13. a3 Nc5 14. e5 Nfe4 15. Nxe4 Nxe4 16. Qd3 Nc5 17. Nxb5 axb5 18. Qxb5+ Kf8 19. Bxc5 Bxf3 20. exd6 Bxd6 21. Bxd6+ Qxd6 22. Rxf3 Rb8 23. Rd3 Rxb5 24. Rxd6 Ke7 25. Rc6 Rxb2 26. Kf2 Ra8 27. Rc4 Ra5 28. Ke3 Kf6 29. Kd3 g5 30. fxg5+ hxg5 31. Kc3 Rb6 32. Rb4 Rc6+ 33. Rc4 Rb6 34. Rf1+ Kg6 35. a4 f5 36. g3 Kf6 37. h4 gxh4 38. Rxh4 Rc5+ 39. Rc4 Ra5 40. g4 Rba6 41. Kb3 Kg5 42. gxf5 exf5 43. Rg1+ Kf6 44. Rb4 Ke5 45. Rb5+ Ke4 46. Re1+ Kd4 47. c3+ Kd3 48. Rb4 Kd2 49. Rh1 Ke3 50. Rh3+ Ke2 51. Ka3 Kf2 52. Rf4+ Ke2 53. Rb4 Kf2 54. c4 Kg2 55. Rc3 Kf1 56. c5 Rc6 57. Rf4+ Ke2 58. Kb4 Raa6 59. Ra3 Ra8 60. Rxf5 Kd1 61. Rf2 Ke1 62. Rh2 1-0

[Event "FRA-chT2W 0203"]
[Site "France"]
[Date "2002.12.08"]
[Round "4"]
[White "Bertin, Jean Loup"]
[Black "Rodier, Arnaud"]
[Result "0-1"]
[WhiteElo "2040"]
[BlackElo "2125"]
[PlyCount "58"]
[EventDate "2002.10.??"]
[EventType "team"]
[EventRounds "11"]
[EventCountry "FRA"]
[SourceTitle "EXT 2004"]
[Source "ChessBase"]
[SourceDate "2003.11.25"]
[SourceVersion "1"]
[SourceVersionDate "2003.11.25"]
[SourceQuality "1"]
[WhiteTeam "Clermont Ferrand"]
[BlackTeam "Migne Auxances"]
[WhiteTeamCountry "FRA"]
[BlackTeamCountry "FRA"]

1. d4 Nf6 2. c4 g6 3. Nc3 d5 4. h4 c5 5. dxc5 d4 6. Nb5 e5 7. e3 Nc6 8. Nf3 Bxc5 9. exd4 exd4 10. Bd3 a6 11. Na3 0-0 12. Bg5 Re8+ 13. Kf1 Bg4 14. Nc2 Qd6 15. a3 a5 16. Nce1 Re6 17. Qc2 Rae8 18. Nh2 Be2+ 19. Bxe2 Rxe2 20. Qxe2 Rxe2 21. Kxe2 Qe6+ 22. Kf1 Qxc4+ 23. Kg1 Ne4 24. Ng4 Qe2 25. Nf6+ Nxf6 26. Bxf6 d3 27. Nf3 Qxf2+ 28. Kh2 Bd6+ 29. Be5 Nxe5 0-1

[Event "La Fere op 1st"]
[Site "La Fere"]
[Date "2002.07.02"]
[Round "5"]
[White "Bertin, Jean Loup"]
[Black "Carton, Camille"]
[Result "0-1"]
[WhiteElo "2010"]
[BlackElo "2207"]
[PlyCount "79"]
[EventDate "2002.06.30"]
[EventType "swiss"]
[EventRounds "9"]
[EventCountry "FRA"]
[SourceTitle "CBM 089 Extra"]
[Source "ChessBase"]
[SourceDate "2002.09.10"]
[SourceVersion "2"]
[SourceVersionDate "2002.09.10"]
[SourceQuality "1"]

1. d4 d5 2. c4 e6 3. Nc3 c6 4. Nf3 Bd6 5. e4 dxe4 6. Nxe4 Be7 7. Be2 Nf6 8. Nxf6+ Bxf6 9. 0-0 Nd7 10. Bf4 0-0 11. Qc2 Re8 12. Rad1 b6 13. Rd2 Bb7 14. Rfd1 Qe7 15. Ne5 Nf8 16. Bf3 Bxe5 17. dxe5 c5 18. Bxb7 Qxb7 19. h4 Ng6 20. Bg3 Ne7 21. Rd7 Qc6 22. R7d6 Qc8 23. Qd3 Nf5 24. Rd7 Nd4 25. Rd6 Qa6 26. a3 Qa4 27. h5 h6 28. Bf4 Rad8 29. Be3 Rxd6 30. exd6 e5 31. Rd2 Qc6 32. f3 Qxd6 33. Qe4 Qe6 34. Qd3 Rd8 35. Qf1 Qf5 36. Bxd4 cxd4 37. g4 Qf4 38. Qf2 e4 39. fxe4 Qxg4+ 40. Kf1 0-1

[Event "La Fere op 1st"]
[Site "La Fere"]
[Date "2002.06.30"]
[Round "1"]
[White "Bertin, Jean Loup"]
[Black "Meijers, Viesturs"]
[Result "0-1"]
[WhiteElo "2010"]
[BlackElo "2427"]
[PlyCount "58"]
[EventDate "2002.06.30"]
[EventType "swiss"]
[EventRounds "9"]
[EventCountry "FRA"]
[SourceTitle "CBM 089 Extra"]
[Source "ChessBase"]
[SourceDate "2002.09.10"]
[SourceVersion "2"]
[SourceVersionDate "2002.09.10"]
[SourceQuality "1"]

1. d4 Nf6 2. c4 e6 3. Nc3 Bb4 4. e3 c5 5. Bd3 0-0 6. Nf3 d5 7. 0-0 cxd4 8. exd4 dxc4 9. Bxc4 a6 10. Bg5 b5 11. Bb3 Bb7 12. Qd3 Nbd7 13. Rad1 Qc7 14. Rc1 Qd6 15. Rfd1 Rfd8 16. h3 Ba5 17. Qe2 Bb6 18. Bh4 Rac8 19. Bg3 Qf8 20. Ng5 Qe8 21. Re1 Nf8 22. Nf3 Bxf3 23. Qxf3 Bxd4 24. Bh4 Ng6 25. Bg5 h6 26. Bxf6 Bxf6 27. Qg4 Ne5 28. Qe4 Nd3 29. Bc2 Rd4 0-1